| 000 | 01355nam a22002657a 4500 | ||
|---|---|---|---|
| 999 |
_c358064 _d358064 |
||
| 003 | IT-MiSPE | ||
| 005 | 20181114203732.0 | ||
| 008 | 181114b ||||| |||| 00| 0 eng d | ||
| 020 | _c10.000 LIRE | ||
| 040 |
_aIT-MiSPE _bita _cIT-MiSPE _dIT-MiSPE |
||
| 041 |
_aita _hger |
||
| 082 | _a833-HES he pe (23207) | ||
| 100 |
_aHesse, Hermann, _cPremio Nobel (1946). _d1877-1962. _eautore _957503 |
||
| 240 |
_aPeter Camenzind ; _lger |
||
| 245 |
_aPeter Camenzind / _cintroduzione di Italo A. Chiusano ; traduzione di Ervino Pocar |
||
| 260 |
_aMilano : _bMondadori, _c©1980 [1992] |
||
| 300 |
_a139 p. ; _c18,5 cm |
||
| 490 | _aOscar narratori del Novecento | ||
| 520 | _aViene descritta l'esistenza di un uomo nato in un piccolo villaggio tra le montagne. Peter si distingue subito per il suo amore esuberante per la vita all'aria aperta, completamente immersa nella natura; passa il suo tempo nei boschi ad osservar la fauna selvatica. La vicenda si focalizza sulla trasformazione interiore nel tempo di Peter il quale, attraverso l'educazione, riesce a sceglier la propria carriera, l'attività intellettuale. | ||
| 546 | _aTraduzione di Ervino Pocar | ||
| 655 |
_aLingua e letteratura tedesca _957496 |
||
| 700 |
_aPocar, Ervino _d1892-1981 _etr. _957500 |
||
| 700 |
_aChiusano, Italo Alighiero _d1926-1995 _eintroduzione _957504 |
||
| 942 |
_2ddc _cBK |
||